Význam kooperatívnych neproliferačných zmlúv pre globálne odzbrojenie
Kooperatívne neproliferačné dohody medzi USA a štátmi bývalého ZSSR. Programy kooperatívneho zníženia hrozby a ich potenciálne využitie pre demilitarizáciu Sýrie.
Na minha lista:
| Autor principal: | |
|---|---|
| Formato: | Capítulo de Livro |
| Idioma: | eslovaco |
| Assuntos: | |
| Tags: |
Sem tags, seja o primeiro a adicionar uma tag!
|
MARC
| LEADER | 00000nla a2200000 4500 | ||
|---|---|---|---|
| 001 | 0175537 | ||
| 005 | 20240502073008.5 | ||
| 041 | 0 | |a slo | |
| 044 | |a SK | ||
| 245 | 1 | 0 | |a Význam kooperatívnych neproliferačných zmlúv pre globálne odzbrojenie |c Daša Adašková |
| 520 | |a Kooperatívne neproliferačné dohody medzi USA a štátmi bývalého ZSSR. Programy kooperatívneho zníženia hrozby a ich potenciálne využitie pre demilitarizáciu Sýrie. | ||
| 610 | 2 | 0 | |a zbrane |
| 610 | 2 | 0 | |a odzbrojenie |
| 610 | 2 | 0 | |a terorizmus |
| 610 | 2 | 0 | |a Sýria |
| 100 | 1 | |a Adašková, Daša | |